名前に大中小が含まれる現役選手(2026) - Statistics

General Stats
  • This quiz has been taken 22 times
  • The average score is 56 of 171
Answer Stats
現所属 ポジション 選手名 % Correct
阪神 捕手 中川勇斗
83%
DeNA 投手 中川颯
83%
DeNA 投手 中川虎大
83%
巨人 投手 中川皓太
83%
ヤクルト 捕手 中川拓真
83%
オリックス 内野手 中川圭太
83%
中日 内野手 中村奈一輝
78%
広島 外野手 中村奨成
78%
広島 外野手 中村貴浩
78%
ヤクルト 投手 中村優斗
78%
ヤクルト 捕手 中村悠平
78%
ソフトバンク 投手 中村稔弥
78%
ソフトバンク 内野手 中村晃
78%
西武 投手 中村祐太
78%
西武 内野手 中村剛也
78%
ロッテ 投手 中村亮太
78%
中日 投手 大野雄大
78%
中日 外野手 大島洋平
78%
ソフトバンク 投手 大野稼頭央
78%
阪神 内野手 大山悠輔
72%
ソフトバンク 投手 大山凌
72%
阪神 投手 小川一平
67%
巨人 捕手 小林誠司
67%
広島 捕手 小林結太
67%
ヤクルト 投手 小川泰弘
67%
ロッテ 投手 小野郁
67%
ロッテ 内野手 小川龍成
67%
阪神 内野手 中野拓夢
67%
巨人 内野手 中田歩夢
67%
巨人 外野手 中山礼都
67%
日本ハム 内野手 中島卓也
67%
楽天 外野手 中島大輔
67%
ロッテ 投手 中山優人
67%
阪神 内野手 小幡竜平
56%
西武 捕手 小島大河
56%
ロッテ 投手 小島和哉
56%
巨人 投手 田中将大
56%
巨人 投手 田中瑛斗
56%
中日 内野手 田中幹也
56%
ヤクルト 内野手 田中陽翔
56%
日本ハム 投手 田中正義
56%
楽天 投手 田中千晴
56%
楽天 捕手 田中貴也
56%
楽天 外野手 田中和基
56%
ロッテ 投手 田中晴也
56%
DeNA 捕手 山本祐大
50%
巨人 捕手 大城卓三
50%
ソフトバンク 外野手 山本恵大
50%
オリックス 内野手 大城滉二
50%
ロッテ 外野手 山本大斗
50%
DeNA 内野手 小田康一郎
44%
ヤクルト 投手 小澤怜史
44%
巨人 投手 大勢
44%
巨人 内野手 増田大輝
44%
阪神 外野手 小野寺暖
39%
DeNA 投手 小園健太
39%
広島 内野手 小園海斗
39%
楽天 内野手 小深田大翔
39%
広島 投手 大瀬良大地
39%
ソフトバンク 内野手 牧原大成
39%
日本ハム 投手 伊藤大海
39%
日本ハム 投手 大川慈英
39%
楽天 投手 伊藤大晟
39%
ロッテ 投手 大谷輝龍
39%
楽天 外野手 小郷裕哉
33%
中日 投手 中西聖輝
33%
日本ハム 外野手 万波中正
33%
オリックス 内野手 中西創大
33%
阪神 内野手 佐野大陽
33%
巨人 投手 井上温大
33%
巨人 外野手 鈴木大和
33%
ソフトバンク 投手 大津亮介
33%
ソフトバンク 外野手 鈴木貴大
33%
日本ハム 投手 加藤大和
33%
オリックス 投手 宮城大弥
33%
楽天 内野手 鈴木大地
33%
西武 捕手 野村大樹
33%
ロッテ 投手 森遼大朗
33%
ロッテ 外野手 井上広大
33%
広島 投手 中﨑翔太
28%
オリックス 捕手 山中稜真
28%
阪神 投手 大竹耕太郎
28%
阪神 投手 石井大智
28%
広島 外野手 大盛穂
28%
ヤクルト 捕手 古賀優大
28%
ソフトバンク 投手 大竹風雅
28%
ソフトバンク 投手 藤原大翔
28%
日本ハム 内野手 奈良間大己
28%
楽天 投手 藤原聡大
28%
ロッテ 外野手 藤原恭大
28%
DeNA 内野手 小笠原蒼
22%
ヤクルト 投手 小宮悠瞳
22%
楽天 投手 中沢匠磨
22%
巨人 投手 則本昂大
22%
巨人 内野手 湯浅大
22%
広島 外野手 末包昇大
22%
ヤクルト 投手 大西広樹
22%
ソフトバンク 捕手 大友宗
22%
オリックス 投手 山下舜平大
22%
オリックス 投手 小木田敦也
17%
DeNA 投手 石田健大
17%
DeNA 投手 大貫晋一
17%
DeNA 捕手 近藤大雅
17%
中日 内野手 石川大峨
17%
ソフトバンク 投手 木村大成
17%
日本ハム 投手 杉浦稔大
17%
日本ハム 投手 清水大暉
17%
日本ハム 投手 松本遼大
17%
日本ハム 外野手 淺間大基
17%
楽天 投手 大内誠弥
17%
楽天 投手 柴田大地
17%
西武 内野手 齋藤大翔
17%
西武 内野手 平沢大河
17%
ロッテ 外野手 岡大海
17%
巨人 内野手 小濱佑斗
11%
楽天 内野手 小森航大郎
11%
楽天 投手 中込陽翔
11%
楽天 投手 瀧中瞭太
11%
ロッテ 投手 中森俊介
11%
ロッテ 外野手 角中勝也
11%
DeNA 投手 伊勢大夢
11%
DeNA 投手 入江大生
11%
巨人 投手 船迫大雅
11%
巨人 外野手 知念大成
11%
広島 投手 森浦大輔
11%
広島 内野手 内田湘大
11%
ヤクルト 投手 大道温貴
11%
ソフトバンク 投手 大江竜聖
11%
ソフトバンク 投手 大関友久
11%
日本ハム 投手 玉井大翔
11%
日本ハム 投手 柳川大晟
11%
日本ハム 内野手 上川畑大悟
11%
日本ハム 外野手 藤田大清
11%
オリックス 内野手 廣岡大志
11%
オリックス 内野手 大里昂生
11%
楽天 内野手 入江大樹
11%
西武 投手 上田大河
11%
西武 外野手 古川雄大
11%
ロッテ 投手 大聖
11%
DeNA 内野手 小針大輝
6%
広島 投手 小船翼
6%
ソフトバンク 内野手 中澤恒貴
6%
DeNA 外野手 関根大気
6%
広島 投手 髙木快大
6%
広島 投手 辻大雅
6%
ソフトバンク 内野手 庄子雄大
6%
ソフトバンク 内野手 大橋令和
6%
日本ハム 投手 菊地大稀
6%
日本ハム 内野手 大塚瑠晏
6%
オリックス 投手 田嶋大樹
6%
楽天 投手 津留﨑大成
6%
楽天 捕手 大栄利哉
6%
西武 投手 冨士大和
6%
ロッテ 投手 毛利海大
6%
ロッテ 内野手 藤岡裕大
6%
DeNA 投手 森下瑠大
0%
DeNA 捕手 上甲凌大
0%
巨人 投手 代木大和
0%
中日 投手 松葉貴大
0%
中日 投手 梅津晃大
0%
中日 捕手 味谷大誠
0%
広島 内野手 岸本大希
0%
ヤクルト 投手 丸山翔大
0%
ソフトバンク 投手 上茶谷大河
0%
ソフトバンク 投手 大矢琉晟
0%
ソフトバンク 投手 田上奏大
0%
ソフトバンク 捕手 盛島稜大
0%
ソフトバンク 外野手 大泉周也
0%
楽天 捕手 島原大河
0%
楽天 外野手 大坪梓恩
0%
西武 投手 三浦大輝
0%
No matching quizzes found
Score Distribution
Percent of People with Each Score
Percentile by Number Answered
Your Score History
You have not taken this quiz